| 000 | 00914cam a2200277 a 4500 | ||
|---|---|---|---|
| 001 | 1902712 | ||
| 003 | OSt | ||
| 005 | 20240905130646.0 | ||
| 008 | 840409s1980 sy a b 000 0carar | ||
| 010 | _a 84146949 | ||
| 020 | _a1575472341 | ||
| 040 |
_aDLC _cDLC _dDLC |
||
| 043 |
_aaw----- _aff----- |
||
| 050 | 0 | 0 |
_aG93 _b.H278 1980 |
| 082 |
_a910.921 _bHAM/A |
||
| 100 | 1 | _aḤamīdah, ʻAbd al-Raḥmān. | |
| 245 | 1 | 0 |
_aAʻlām al-jughrāfīyīn al-ʻArab wa-muqtaṭafāt min āthārihim / _cʻAbd al-Raḥmān Ḥamīdah. |
| 250 | _aal-Ṭabʻah 2. | ||
| 260 |
_aDimashq : _bDār al-Fikr, _c1980. |
||
| 300 |
_a720p. ; _bill. ; _c17*25cm |
||
| 504 | _aBibliography: p. 561-565. | ||
| 650 | 0 | _aGeography, Arab. | |
| 650 | 0 |
_aGeographers _zIslamic Empire _xBiography. |
|
| 906 |
_a7 _bcbc _corignew _d4 _encip _f19 _gy-gencatlg |
||
| 942 |
_2ddc _cBK _h910.921 _iHAM/A _k910.921 _mHAM/A |
||
| 999 |
_c42739 _d42739 |
||